000 00734nam a22002297a 4500
003 UA-OsUOA
001 137380
007 ta
008 20190514b un ||||| |||| 00| 0 ukr d
090 _a94(477).075
_bГ34
942 _cBK
040 _aUA-OsUOA
_bukr
_cUA-OsUOA
_dUA-OsUOA
245 _aГеноцид в Україні 1932 - 1933 рр. за матеріалами кримінальної справи № 475
_cупор. М. Герасименко, В. Удовиченко
300 _a558 с.
955 _a1
041 _aukr
080 _a94(477).075
020 _a978-966-02-7202-6
260 _aК.
_bІУАД
_c2014
650 7 _a9 Географія. Біографії. Історія
_2UDC
999 _c420290
_d420290